[Event "CT Class HC #6"]
[Site "SchemingMind.com"]
[Date "2012.07.08"]
[Round "-"]
[White "joopsim"]
[Black "Lone Gunman"]
[Result "1-0"]
[WhiteCountry "NED"]
[BlackCountry "ENG"]
[WhiteElo "2597"]
[WhiteRD "76"]
[BlackElo "2385"]
[BlackRD "58"]
[GameID "313902"]

1. e4 c5 2. Nf3 d6 3. d4 cxd4 4. Nxd4 Nf6 5. Nc3 a6 6. Bg5 e6 7. f4 Qb6 8. Qd2 Qxb2 9. Rb1 Qa3 10. e5 dxe5
11. fxe5 Nfd7 12. Ne4 h6 13. Bh4 Qxa2 14. Rd1 Qd5 15. Qe3 Qxe5 16. Be2 Bc5 17. Bg3 Qd5 18. c4 Bxd4 19. Rxd4 Qa5+ 20. Rd2 O-O
21. Bd6 Re8 22. O-O Nc6= 23. Qg3 Ne7 24. Bc7 Qb4 25. Qf2 f5 26. Bh5 Qxc4 27. Nd6 Qxc7 28. Nxe8 Qa5 29. Re1 Ne5 30. Ra2 Qd8
31. Rxe5 g6 32. Nf6+ Kf7 33. Bf3 Kxf6 34. Rc5 Kf7 35. Rd2 Qh8 36. Qh4 Qf8 37. Rc7 a5 38. g4 g5 39. Qe1 f4 40. Qd1
1-0

[Event "CT Class HC #6"]
[Site "SchemingMind.com"]
[Date "2012.07.08"]
[Round "-"]
[White "sibelius"]
[Black "Lone Gunman"]
[Result "1/2-1/2"]
[WhiteCountry "USA"]
[BlackCountry "ENG"]
[WhiteElo "2289"]
[WhiteRD "77"]
[BlackElo "2385"]
[BlackRD "58"]
[GameID "313903"]

1. e4 c5 2. Nc3 Nc6 3. f4 g6 4. Nf3 Bg7 5. Bb5 Nd4 6. O-O a6 7. Bc4 b5 8. Bd5 Rb8 9. d3 e6 10. Bb3 Ne7
11. e5 Nxf3+ 12. Qxf3 Bb7 13. Qf2 d6 14. a4 O-O 15. axb5 axb5 16. Nxb5 Bxg2 17. Nxd6 Bxf1 18. Kxf1 Rxb3 19. cxb3 f6 20. exf6 Bxf6
21. Qxc5 Nd5 22. Ke2 Bg7 23. Ra4 Bh6 24. Kd1 Qh4=
1/2-1/2

[Event "CT Class HC #6"]
[Site "SchemingMind.com"]
[Date "2012.07.09"]
[Round "-"]
[White "John M. Sargent"]
[Black "Lone Gunman"]
[Result "1/2-1/2"]
[WhiteCountry "ENG"]
[BlackCountry "ENG"]
[WhiteElo "2355"]
[WhiteRD "87"]
[BlackElo "2385"]
[BlackRD "58"]
[GameID "313904"]

1. e4 c5 2. Nf3 d6 3. d4 cxd4 4. Nxd4 Nf6 5. Nc3 a6 6. Bc4 e6 7. O-O b5 8. Bb3 Be7 9. Be3 O-O 10. f3 Bd7
11. a4 b4 12. Na2 e5 13. Ne2 Nc6 14. Qd2 Rb8 15. Rfd1 Qc8 16. Nec1 Qb7 17. Nd3 Rfc8 18. Rac1 Bd8=
1/2-1/2

[Event "CT Class HC #6"]
[Site "SchemingMind.com"]
[Date "2012.07.07"]
[Round "-"]
[White "docjan"]
[Black "Lone Gunman"]
[Result "1/2-1/2"]
[WhiteCountry "SWE"]
[BlackCountry "ENG"]
[WhiteElo "2317"]
[WhiteRD "62"]
[BlackElo "2414"]
[BlackRD "63"]
[GameID "313905"]

1. d4 Nf6 2. c4 e6 3. Nc3 Bb4 4. Nf3 c5 5. e3 b6 6. Bd3 Bb7 7. Bd2 O-O 8. a3 Bxc3 9. Bxc3 cxd4 10. Nxd4 d5
11. O-O Nbd7 12. Rc1 Rc8 13. Be2 dxc4 14. Bb4 Nc5=
1/2-1/2